Fuzzy Engineering (Record no. 3854)
[ view plain ]
| 000 -LEADER | |
|---|---|
| fixed length control field | 01259cam a22001934a 4500 |
| 005 - ΗΜΕΡΟΜΗΝΙΑ ΚΑΙ ΩΡΑ ΤΕΛΕΥΤΑΙΑΣ ΕΝΗΜΕΡΩΣΗΣ | |
| Πεδίο ελέγχου | 20250605164127.0 |
| 008 - FIXED-LENGTH DATA ELEMENTS--GENERAL INFORMATION | |
| Πεδίο ελέγχου σταθερού μήκους | 250528s ||||||||||||||||||||||||d |
| 035 ## - SYSTEM CONTROL NUMBER | |
| System control number | 18496 |
| 020 ## - ISBN | |
| ISBN | 133537315 |
| 040 ## - ΠΗΓΗ ΚΑΤΑΛΟΓΟΓΡΑΦΗΣΗΣ | |
| Φορέας πρωτότυπης καταλογογράφησης | MC Athens Campus Library |
| Γλώσσα καταλογογράφησης | Ελληνικά, Μοντέρνα (1453-) |
| Modifying agency | MC Athens Campus Library |
| Κανόνες περιγραφικής καταλογογράφησης | AACR2 |
| 245 1# - ΤΙΤΛΟΣ ΚΑΙ ΔΗΛΩΣΗ ΥΠΕΥΘΥΝΟΤΗΤΑΣ | |
| Τίτλος | Fuzzy Engineering |
| 260 ## - PUBLICATION, DISTRIBUTION, ETC. | |
| Name of publisher, distributor, etc. | Prentice Hall International, |
| Date of publication, distribution, etc. | 1997 |
| 300 ## - PHYSICAL DESCRIPTION | |
| Extent | 550 |
| 520 ## - SUMMARY, ETC. | |
| Summary, etc. | Preface, Introduction, Fuzzy Logic and Engineering, Fuzzy Function Approximation, Additive Fuzzy Systems, Ellipsoidal Fuzzy Systems, Fuzzy Control and Chaos, Fuzzy Control for Platoons of Smart Cars, Fuzzy Chaos and Recursive Partitioning, Fuzzy Signal Processing, Fuzzy Filters for Impulsive Noise, Fuzzy Subband Image Coding, Fuzzy Communication, Adaptive Fuzzy Frequency Hopping for Spread Spectrum, Fuzzy Signal Detection in Impulsive Noise, Fuzzy Hardware, Adaptive VLSI Addictive Fuzzy Systems, Optical Addictive Fuzzy Systems, Computing in Fuzzy Cubes, Fuzzy Cubes and Fuzzy Mutual Entropy, Adaptive Subsethood for Radial Basis Fuzzy Systems, Feedback in Fuzzy Cubes, Fuzzy Adaptive Resonance Theory, Virtual Worlds in Fuzzy Cognitive Maps, How to Use the Fuzzy Software, Index, List of Contributors. |
| 700 1# - ΠΡΟΣΘΕΤΗ ΑΝΑΓΡΑΦΗ--ΦΥΣΙΚΟ ΠΡΟΣΩΠΟ | |
| Personal name | Kosko Bart |
| 9 (RLIN) | 4758 |
| 942 ## - ADDED ENTRY ELEMENTS (KOHA) | |
| Koha item type | Books |
| Τύπος τεκμηρίου | Βιβλιοθήκη | Τρέχουσα τοποθεσία | Barcode | Αριθμός εισαγωγής | Ημερομηνία απόκτησης | Ταξιθετικό σύμβολο | Αριθμός αντιτύπου | Κατάσταση απόσυρσης | Κατάσταση χαμένου | Κατάσταση κατεστραμμένου | Μη δανεισμός | Σύνολο δανεισμών | Ημερομηνία τελευταίας εμφάνισης | Η τιμή ισχύει από |
|---|---|---|---|---|---|---|---|---|---|---|---|---|---|---|
| Books | MC Athens Campus Library | MC Athens Campus Library | 9780000038531 | 3191 | 05/06/2025 | 629.8/3 KOS | 1 | 05/06/2025 | 05/06/2025 |